Budowanie sieci metoda trzeciej fali
Salvato in:
| Autore principale: | |
|---|---|
| Altri autori: | |
| Natura: | Libro |
| Lingua: | polacco |
| Pubblicazione: |
Szczecin
Horizon International
1998
|
| Soggetti: | |
| Tags: |
Nessun Tag, puoi essere il primo ad aggiungerne!!
|
MARC
| LEADER | 00000nam a2200000 4500 | ||
|---|---|---|---|
| 001 | c117190 | ||
| 005 | 20221109093225.0 | ||
| 020 | |a 83-907462-4-7 | ||
| 041 | 0 | |a pol | |
| 044 | |a PL | ||
| 245 | 1 | 0 | |a Budowanie sieci |b metoda trzeciej fali |c Richard Poe ; [preklad: Anna Augustyn] |
| 264 | 1 | |a Szczecin |b Horizon International |c 1998 | |
| 300 | |a 225 s. | ||
| 610 | 2 | 0 | |a marketing sieťový |
| 610 | 2 | 0 | |a metódy |
| 610 | 2 | 0 | |a teória a prax |
| 610 | 2 | 0 | |a poradenstvo |
| 100 | 1 | |a Poe, Richard | |
| 700 | 1 | |a Augustyn, Anna | |